Canada, Mexico, or US? Quiz Stats

 Plays Quiz Updated Jul 14, 2017

Support Sporcle.
Go Orange.
Score 0/20 Timer 04:00
3 Plays Today
Question Answer Wrong Answers
Which country is the largest by total area? Canada
92.2%
Mexico
0.6%
United States
7.2%
Which country's flag contains green? Mexico
90.6%
Canada
0.8%
United States
0.3%
Which country contains Chichen Itza? Mexico
88.3%
Canada
1.1%
United States
1.3%
Which country is the most populous? United States
88%
Canada
1%
Mexico
9.5%
Which country contains Yosemite National Park? United States
86.3%
Canada
3.1%
Mexico
1.1%
Which country contains the Gateway Arch? United States
85.2%
Canada
3.9%
Mexico
1.5%
Which country has the highest population density? Mexico
82.9%
Canada
1.7%
United States
13.4%
Which country contains Banff National Park? Canada
79.1%
Mexico
3.7%
United States
8%
Which country contains the longest river on the continent? United States
77.3%
Canada
8.2%
Mexico
5.9%
Which country has the largest island? Canada
74.4%
Mexico
3.8%
United States
14.5%
Which country contains Mount Logan? Canada
73.9%
Mexico
2.2%
United States
14.3%
Which country borders the most countries? Mexico
71.7%
Canada
2%
United States
17.9%
Which country has the highest mountain? United States
63.3%
Canada
21.5%
Mexico
7.6%
Which country is NOT a republic? Canada
62.5%
Mexico
13.3%
United States
17.4%
Which country gained independence most recently? Canada
56.2%
Mexico
32%
United States
6.6%
Which country contains the largest metro area? Mexico
50.5%
Canada
3.2%
United States
43.4%
Which country was invaded by the French in 1861? Mexico
34.6%
Canada
44.1%
United States
12.5%
Which country's low point is at sea level? Canada
28.7%
Mexico
39.7%
United States
23.7%
Which country has the smallest capital city by population? United States
24.9%
Canada
67.4%
Mexico
3.8%
Which country contains the most national parks? Mexico
8.8%
Canada
25.3%
United States
59.8%

You're not logged in!

Compare scores with friends on all Sporcle quizzes.
OR
Log In
Forgot?

From the Vault

Black or Red Card Blitz

by timmylemoine1

Your score on this quiz says more about your reflexes than your ability to play cards well.
Remove Ads.
Support Sporcle.
Get the best of Sporcle when you Go Orange. This ad-free experience offers more features, more stats, and more fun while also helping to support Sporcle. Thank you for becoming a member.

Show Comments

Extras

Top Quizzes Today


Score Distribution

Your Account Isn't Verified!

In order to create a playlist on Sporcle, you need to verify the email address you used during registration. Go to your Sporcle Settings to finish the process.

Report this User

Report this user for behavior that violates our Community Guidelines.

Details: